000 00644nam a2200193Ia 4500
008 090124s9999 xx 000 0 und d
082 _b120354
100 _aगावसकर सुनील
245 _a सनी डेज : एक आत्मचरित्र
250 _a3
260 _c1984
300 _a280
600 _aगावसकर सुनील
630 _a सनी डेज : एक आत्मचरित्र
700 _aगावसकर सुनील
700 _aपंडित बाळ ज.
730 _a सनी डेज : एक आत्मचरित्र
942 _cBOOK
999 _c166440
_d166440